000 00274nam a22001217a 4500
008 170407b xxu||||| |||| 00| 0 eng d
041 _aeng
080 _a616
100 _a9
101 _aSHM
245 _aDIAGNOSTIC METHODS IN SPEECH PATHOLOGY
_cJOHNSON
942 _2udc
_cBK
999 _c10177
_d10177